000 00890nam a2200265Ia 4500
003 OSt
005 20220927110351.0
006 a|||||r|||| 00| 0
007 ta
008 220926b |||||||| |||| 00| 0 eng d
024 _a56124
037 _cReports
040 _aRTL
_cRTL
_beng
041 _2eng
_aeng
082 _a"X:9.255.N6s, K0/GD"
110 _a"Madhya Pradesh, (Govt of-), Economics And Statistics (Department of-)"
_9376845
245 0 _aImprovement of labour statistics
260 _aBhopal
_bGovernment Press India
_c1960
300 _a127p.
_ccm.
490 _a"Its, Improvement of Statistics series, Technical Paper, 3."
650 _aLabour Economics-India
700 _a"Madhya Pradesh, (Govt of-), Economics And Statistics (Department of-)"
_9376846
942 _h"X:9.255.N6s, K0/GD"
_cCC
999 _c695891
_d695891